| 000 | 00599nam a22002057a 4500 | ||
|---|---|---|---|
| 003 | PILC | ||
| 005 | 20151027153419.0 | ||
| 008 | 130919t xxu||||| |||| 00| 0 eng d | ||
| 020 | _a9780673800619 | ||
| 050 |
_aPE 1117 _b.C392m 1993 |
||
| 082 |
_aGS 372.4 _bCel.6A 1993 |
||
| 245 | _aMom, mom my ears are growing : and other joys of the real world / | ||
| 260 |
_aIllinois : _bScottForesman and Company, _c1993. |
||
| 300 |
_a144 p. : _c22 cm. |
||
| 440 |
_aCelebrate reading! _920980 |
||
| 650 |
_aReading _9902 |
||
| 650 |
_a Childrens Stories _95902 |
||
| 942 |
_2lcc _cBK |
||
| 999 |
_c11718 _d11718 |
||